[Event "Open International Liffré 2016"]
[Site "Liffré France"]
[Date "2016.10.26"]
[Round "7.1"]
[White "Thejkumar, M.S."]
[Black "Kulkarni, Ojas"]
[Result "1-0"]
[BlackElo "2405"]
[WhiteElo "2445"]
[LiveChessVersion "1.4.8"]

1. d4 {[%clk 1:29:04]} Nf6 {[%clk 1:30:37]} 2. c4 {[%clk 1:29:06]} g6
{[%clk 1:30:19]} 3. g3 {[%clk 1:29:15]} Bg7 {[%clk 1:29:57]} 4. Bg2
{[%clk 1:29:38]} d5 {[%clk 1:30:08]} 5. cxd5 {[%clk 1:29:28]} Nxd5
{[%clk 1:30:28]} 6. Nf3 {[%clk 1:29:23]} Nb6 {[%clk 1:30:27]} 7. Nc3
{[%clk 1:28:46]} Nc6 {[%clk 1:30:46]} 8. Bf4 {[%clk 1:28:20]} O-O
{[%clk 1:04:17]} 9. e3 {[%clk 1:28:05]} Be6 {[%clk 0:55:34]} 10. O-O
{[%clk 1:27:41]} Nd5 {[%clk 0:54:52]} 11. Ng5 {[%clk 1:19:57]} Nxc3
{[%clk 0:45:09]} 12. Nxe6 {[%clk 1:13:06]} Nxd1 {[%clk 0:45:36]} 13. Nxd8
{[%clk 1:13:31]} Nxd8 {[%clk 0:37:47]} 14. Raxd1 {[%clk 1:07:15]} c6
{[%clk 0:33:09]} 15. e4 {[%clk 1:06:10]} Ne6 {[%clk 0:30:30]} 16. Be3
{[%clk 1:06:31]} Nc7 {[%clk 0:26:38]} 17. Rd3 {[%clk 0:42:37]} Rfd8
{[%clk 0:21:25]} 18. Rb3 {[%clk 0:38:49]} b6 {[%clk 0:19:30]} 19. e5
{[%clk 0:37:29]} Nd5 {[%clk 0:19:30]} 20. Rc1 {[%clk 0:37:47]} Rac8
{[%clk 0:16:11]} 21. Bxd5 {[%clk 0:36:31]} Rxd5 {[%clk 0:15:47]} 22. Rbc3
{[%clk 0:36:39]} f6 {[%clk 0:12:07]} 23. f4 {[%clk 0:32:05]} Rb5 {[%clk 0:10:38]}
24. e6 {[%clk 0:21:47]} Rxb2 {[%clk 0:09:07]} 25. Rxc6 {[%clk 0:22:10]} Rxc6
{[%clk 0:09:30]} 26. Rxc6 {[%clk 0:22:36]} f5 {[%clk 0:04:11]} 27. Rc8+
{[%clk 0:22:34]} Bf8 {[%clk 0:04:37]} 28. d5 {[%clk 0:22:51]} Rb1+
{[%clk 0:02:59]} 29. Kf2 {[%clk 0:23:13]} Rd1 {[%clk 0:03:25]} 30. Rc6 1-0

[Event "Open International Liffré 2016"]
[Site "Liffré France"]
[Date "2016.10.26"]
[Round "7.2"]
[White "Jolly, Jean-François"]
[Black "Kukov, Velislav"]
[Result "1/2-1/2"]
[BlackElo "2358"]
[WhiteElo "2385"]
[LiveChessVersion "1.4.8"]

1. e4 {[%clk 1:30:42]} d5 {[%clk 1:30:45]} 2. exd5 {[%clk 1:30:36]} Qxd5
{[%clk 1:31:10]} 3. Nc3 {[%clk 1:30:59]} Qd8 {[%clk 1:31:25]} 4. d4
{[%clk 1:30:18]} Nf6 {[%clk 1:31:49]} 5. Nf3 {[%clk 1:30:03]} Bg4
{[%clk 1:31:57]} 6. h3 {[%clk 1:30:12]} Bxf3 {[%clk 1:32:22]} 7. Qxf3
{[%clk 1:30:38]} c6 {[%clk 1:32:42]} 8. Be3 {[%clk 1:26:43]} e6 {[%clk 1:32:57]}
9. O-O-O {[%clk 1:18:23]} Bb4 {[%clk 1:29:13]} 10. Ne2 {[%clk 1:18:12]} Qd5
{[%clk 1:25:13]} 11. Qxd5 {[%clk 1:18:35]} cxd5 {[%clk 1:25:14]} 12. g4
{[%clk 1:14:33]} Nc6 {[%clk 1:18:36]} 13. Ng3 {[%clk 1:13:48]} Bd6
{[%clk 1:13:39]} 14. Rg1 {[%clk 1:10:57]} a6 {[%clk 1:11:40]} 15. f4
{[%clk 1:09:48]} O-O-O {[%clk 0:42:10]} 16. c3 {[%clk 1:04:17]} Na5
{[%clk 0:34:41]} 17. Kb1 {[%clk 1:02:43]} Rhe8 {[%clk 0:27:55]} 18. Bd3
{[%clk 1:01:48]} g6 {[%clk 0:27:01]} 19. Bc1 {[%clk 1:01:35]} Nd7
{[%clk 0:24:35]} 20. Bc2 {[%clk 0:42:33]} f5 {[%clk 0:24:02]} 21. g5
{[%clk 0:39:33]} h5 {[%clk 0:22:49]} 22. gxh6 {[%clk 0:38:28]} Rh8
{[%clk 0:23:01]} 23. Rde1 {[%clk 0:38:11]} Nf8 {[%clk 0:23:13]} 24. h4
{[%clk 0:38:07]} Rxh6 {[%clk 0:23:31]} 25. Rh1 {[%clk 0:37:32]} Rd7
{[%clk 0:20:26]} 26. h5 {[%clk 0:37:31]} gxh5 {[%clk 0:19:54]} 27. Rxh5
{[%clk 0:37:32]} Rxh5 {[%clk 0:19:18]} 28. Nxh5 {[%clk 0:37:57]} Rh7
{[%clk 0:19:18]} 29. Bd1 {[%clk 0:37:26]} 1/2-1/2

[Event "Open International Liffré 2016"]
[Site "Liffré France"]
[Date "2016.10.26"]
[Round "7.4"]
[White "Durand-Le-Ludec, Brendan-Budok"]
[Black "Arnaudov, Petar"]
[Result "0-1"]
[BlackElo "2474"]
[WhiteElo "2128"]
[LiveChessVersion "1.4.8"]

1. Nf3 {[%clk 1:28:46]} Nf6 {[%clk 1:30:31]} 2. g3 {[%clk 1:29:07]} d5
{[%clk 1:30:47]} 3. Bg2 {[%clk 1:29:31]} e6 {[%clk 1:31:10]} 4. O-O
{[%clk 1:29:53]} c5 {[%clk 1:31:34]} 5. c4 {[%clk 1:29:56]} d4 {[%clk 1:30:58]}
6. d3 {[%clk 1:29:46]} Nc6 {[%clk 1:30:46]} 7. e3 {[%clk 1:29:46]} Bd6
{[%clk 1:30:46]} 8. exd4 {[%clk 1:29:46]} cxd4 {[%clk 1:30:46]} 9. Re1
{[%clk 1:29:00]} O-O {[%clk 1:31:50]} 10. a3 {[%clk 1:24:36]} a5 {[%clk 1:27:39]}
11. Nbd2 {[%clk 1:23:40]} Re8 {[%clk 1:27:45]} 12. b3 {[%clk 1:23:26]} e5
{[%clk 1:27:16]} 13. Bb2 {[%clk 1:22:27]} h6 {[%clk 1:27:02]} 14. Qc2
{[%clk 1:15:32]} Bf5 {[%clk 1:22:24]} 15. Re2 {[%clk 1:08:09]} Bc5
{[%clk 1:22:24]} 16. Nh4 {[%clk 1:08:09]} Bg4 {[%clk 1:22:24]} 17. Bf3
{[%clk 1:08:09]} g5 {[%clk 1:22:24]} 18. Bxg4 {[%clk 1:05:01]} Nxg4
{[%clk 1:18:20]} 19. Ng2 f5 20. h3 {[%clk 0:45:07]} Nf6 {[%clk 1:18:18]} 21. Rae1
{[%clk 0:45:08]} Qd6 {[%clk 1:18:18]} 22. Qc1 {[%clk 0:43:45]} Re7
{[%clk 1:13:16]} 23. g4 {[%clk 0:38:18]} Qd7 {[%clk 1:10:12]} 24. f3
{[%clk 0:36:54]} Rae8 {[%clk 1:08:50]} 25. Kh1 {[%clk 0:30:36]} b6
{[%clk 1:06:57]} 26. Nf1 {[%clk 0:28:59]} e4 {[%clk 0:58:52]} 27. fxe4
{[%clk 0:26:43]} fxe4 {[%clk 0:58:24]} 28. Ng3 {[%clk 0:26:55]} exd3
{[%clk 0:57:47]} 29. Rxe7 {[%clk 0:27:15]} Rxe7 {[%clk 0:56:26]} 30. Nf5
{[%clk 0:20:30]} Ne4 {[%clk 0:44:38]} 31. Nxh6+ {[%clk 0:12:36]} Kh7
{[%clk 0:43:58]} 32. Rxe4 {[%clk 0:13:01]} Rxe4 {[%clk 0:43:46]} 33. Qxg5
{[%clk 0:13:25]} Qg7 {[%clk 0:41:45]} 34. Qh5 {[%clk 0:12:04]} Qxh6
{[%clk 0:41:12]} 35. Qf7+ {[%clk 0:12:23]} Kh8 {[%clk 0:40:59]} 36. g5
{[%clk 0:12:49]} Qxg5 {[%clk 0:40:31]} 0-1

[Event "Open International Liffré 2016"]
[Site "Liffré France"]
[Date "2016.10.27"]
[Round "8.1"]
[White "Kukov, Velislav"]
[Black "Thejkumar, M.S."]
[Result "0-1"]
[BlackElo "2445"]
[WhiteElo "2358"]
[LiveChessVersion "1.4.8"]

1. d4 {[%clk 1:30:46]} d5 {[%clk 1:30:29]} 2. Bf4 {[%clk 1:31:07]} Nf6
{[%clk 1:29:33]} 3. e3 {[%clk 1:31:28]} c5 {[%clk 1:28:33]} 4. c3
{[%clk 1:31:48]} Nc6 {[%clk 1:28:48]} 5. Nd2 {[%clk 1:32:10]} Bf5
{[%clk 1:28:38]} 6. Qb3 {[%clk 1:30:21]} Qd7 {[%clk 1:28:36]} 7. Ngf3
{[%clk 1:28:09]} c4 {[%clk 1:28:43]} 8. Qd1 {[%clk 1:28:09]} e6 {[%clk 1:28:31]}
9. Nh4 {[%clk 1:18:33]} Bd6 {[%clk 1:21:34]} 10. Nxf5 {[%clk 1:07:52]} exf5
{[%clk 1:20:33]} 11. Bxd6 {[%clk 1:06:47]} Qxd6 {[%clk 1:20:50]} 12. b3
{[%clk 1:02:38]} b5 {[%clk 1:13:34]} 13. a4 {[%clk 0:44:22]} b4 {[%clk 1:13:25]}
14. cxb4 {[%clk 0:39:52]} c3 {[%clk 1:08:52]} 15. Nf3 {[%clk 0:40:07]} O-O
{[%clk 0:47:31]} 16. b5 {[%clk 0:36:54]} Nb4 {[%clk 0:41:13]} 17. Bd3
{[%clk 0:36:05]} f4 {[%clk 0:39:19]} 18. exf4 {[%clk 0:28:55]} Qxf4
{[%clk 0:21:47]} 19. O-O {[%clk 0:28:23]} Rac8 {[%clk 0:18:18]} 20. Bc2
{[%clk 0:25:21]} Ne4 {[%clk 0:16:02]} 21. Re1 {[%clk 0:17:26]} Nd2
{[%clk 0:13:03]} 22. Re3 {[%clk 0:13:30]} Nxf3+ {[%clk 0:08:09]} 23. Rxf3
{[%clk 0:06:09]} Qd2 {[%clk 0:06:42]} 24. Bd3 {[%clk 0:03:51]} Rfe8
{[%clk 0:05:56]} 25. h4 {[%clk 0:00:50]} g6 {[%clk 0:05:32]} 26. h5
{[%clk 0:00:42]} Kg7 {[%clk 0:04:19]} 27. a5 {[%clk 0:00:41]} Re6
{[%clk 0:03:16]} 28. Kf1 {[%clk 0:00:34]} Rce8 {[%clk 0:02:11]} 29. Re3
{[%clk 0:00:32]} Rxe3 {[%clk 0:01:20]} 30. Qxd2 {[%clk 0:00:56]} cxd2
{[%clk 0:01:43]} 31. fxe3 {[%clk 0:01:23]} Nxd3 {[%clk 0:02:01]} 32. Ke2
{[%clk 0:00:43]} Nc1+ {[%clk 0:02:21]} 33. Kd1 {[%clk 0:00:54]} Nxb3
{[%clk 0:02:44]} 34. Ra3 {[%clk 0:01:22]} Rxe3 {[%clk 0:03:07]} 0-1

[Event "Open International Liffré 2016"]
[Site "Liffré France"]
[Date "2016.10.27"]
[Round "8.2"]
[White "Arnaudov, Petar"]
[Black "Jolly, Jean-François"]
[Result "1-0"]
[BlackElo "2385"]
[WhiteElo "2474"]
[LiveChessVersion "1.4.8"]

1. d4 {[%clk 1:30:14]} Nf6 {[%clk 1:30:52]} 2. Nf3 {[%clk 1:30:39]} d5
{[%clk 1:30:41]} 3. c4 {[%clk 1:31:02]} e6 {[%clk 1:31:06]} 4. g3
{[%clk 1:31:29]} Bb4+ {[%clk 1:31:04]} 5. Nbd2 {[%clk 1:31:52]} dxc4
{[%clk 1:29:12]} 6. Bg2 {[%clk 1:30:55]} O-O {[%clk 1:29:02]} 7. O-O
{[%clk 1:31:10]} b5 {[%clk 1:29:01]} 8. a4 {[%clk 1:30:09]} c6 {[%clk 1:29:16]}
9. Qc2 {[%clk 1:30:18]} Bb7 {[%clk 1:26:35]} 10. b3 {[%clk 1:27:19]} c3
{[%clk 1:23:34]} 11. Nb1 {[%clk 1:27:12]} bxa4 {[%clk 1:22:53]} 12. Nxc3
{[%clk 1:10:43]} axb3 {[%clk 1:13:40]} 13. Qxb3 {[%clk 1:11:03]} a5
{[%clk 1:14:02]} 14. Bb2 {[%clk 1:10:09]} Nbd7 {[%clk 1:08:28]} 15. Ne1
{[%clk 0:59:58]} Rb8 {[%clk 0:55:17]} 16. Nd3 {[%clk 0:59:07]} c5
{[%clk 0:52:55]} 17. Bxb7 {[%clk 0:58:40]} cxd4 {[%clk 0:50:07]} 18. Nb5
{[%clk 0:55:12]} Rxb7 {[%clk 0:50:30]} 19. Nxd4 {[%clk 0:55:33]} Qb6
{[%clk 0:48:32]} 20. Rfc1 Bd2 {[%clk 0:36:10]} 21. Qxb6 {[%clk 0:52:56]} Nxb6
{[%clk 0:35:16]} 22. Rc2 {[%clk 0:52:48]} Bb4 {[%clk 0:30:44]} 23. Nc6
{[%clk 0:52:41]} Nbd5 {[%clk 0:22:51]} 24. Bd4 {[%clk 0:50:13]} h6
{[%clk 0:16:08]} 25. f3 {[%clk 0:50:21]} Ne7 {[%clk 0:09:13]} 26. Ndxb4
{[%clk 0:35:16]} axb4 {[%clk 0:09:37]} 27. Bc5 {[%clk 0:35:29]} b3
{[%clk 0:05:25]} 28. Nxe7+ {[%clk 0:34:24]} Kh7 {[%clk 0:05:52]} 29. Rb2
{[%clk 0:33:46]} Re8 {[%clk 0:05:05]} 30. Rab1 {[%clk 0:33:18]} Rexe7
{[%clk 0:03:03]} 31. Bxe7 {[%clk 0:33:43]} Rxe7 {[%clk 0:03:30]} 32. Rxb3
{[%clk 0:34:05]} Kg6 {[%clk 0:03:37]} 33. Rb7 {[%clk 0:34:28]} Rxb7
{[%clk 0:02:56]} 34. Rxb7 {[%clk 0:34:50]} Nh7 {[%clk 0:02:20]} 35. e4
{[%clk 0:34:45]} Ng5 {[%clk 0:02:00]} 36. Kf2 {[%clk 0:34:23]} e5
{[%clk 0:02:23]} 37. Ke3 {[%clk 0:34:37]} Ne6 {[%clk 0:02:46]} 38. Rb6
{[%clk 0:34:02]} Kf6 {[%clk 0:02:36]} 39. f4 {[%clk 0:33:45]} exf4+
{[%clk 0:03:00]} 40. gxf4 {[%clk 1:04:10]} g6 {[%clk 0:33:25]} 41. e5+
{[%clk 1:03:21]} Ke7 {[%clk 0:33:05]} 42. Ke4 {[%clk 1:02:37]} Ng7
{[%clk 0:33:19]} 43. Kd5 {[%clk 1:02:50]} Kf8 {[%clk 0:33:18]} 44. Rb8+
{[%clk 1:02:17]} Ke7 {[%clk 0:33:40]} 45. Rb7+ {[%clk 1:02:42]} Kf8
{[%clk 0:33:57]} 46. Kd6 {[%clk 1:01:40]} Nf5+ {[%clk 0:33:51]} 47. Kd7
{[%clk 1:01:15]} Nd4 {[%clk 0:34:16]} 48. Rb8+ {[%clk 1:00:59]} Kg7
{[%clk 0:34:39]} 49. Ke8 {[%clk 1:01:03]} Ne6 {[%clk 0:33:46]} 50. Rb7
{[%clk 1:01:19]} 1-0

[Event "Open International Liffré 2016"]
[Site "Liffré France"]
[Date "2016.10.27"]
[Round "8.3"]
[White "Petkov, Vladimir"]
[Black "Pucher, Olivier"]
[Result "1-0"]
[BlackElo "2354"]
[WhiteElo "2517"]
[LiveChessVersion "1.4.8"]

1. Nf3 {[%clk 1:30:23]} c6 {[%clk 1:30:41]} 2. g3 {[%clk 1:30:10]} d5
{[%clk 1:30:46]} 3. Bg2 {[%clk 1:30:17]} Nf6 {[%clk 1:30:15]} 4. O-O
{[%clk 1:29:48]} g6 {[%clk 1:29:04]} 5. d3 {[%clk 1:26:05]} Bg7 {[%clk 1:28:17]}
6. Nbd2 O-O {[%clk 1:05:30]} 7. e4 {[%clk 1:21:25]} Nbd7 {[%clk 0:38:47]} 8. Qe2
{[%clk 1:17:10]} e5 {[%clk 0:37:01]} 9. a4 {[%clk 1:14:23]} a5 {[%clk 0:12:07]}
10. Re1 {[%clk 1:03:10]} Re8 {[%clk 0:11:12]} 11. Nb3 {[%clk 0:52:46]} b6
{[%clk 0:09:32]} 12. exd5 {[%clk 0:48:59]} cxd5 {[%clk 0:09:29]} 13. Bg5
{[%clk 0:48:57]} h6 {[%clk 0:06:19]} 14. Bxf6 {[%clk 0:48:47]} Qxf6
{[%clk 0:06:35]} 15. Nfd4 {[%clk 0:46:59]} Bb7 {[%clk 0:06:21]} 16. Nb5
{[%clk 0:47:06]} Rac8 {[%clk 0:03:24]} 17. Rad1 {[%clk 0:39:29]} Red8
{[%clk 0:01:14]} 18. c4 {[%clk 0:37:07]} e4 {[%clk 0:01:05]} 19. dxe4
{[%clk 0:36:58]} dxe4 {[%clk 0:01:27]} 20. Nd6 {[%clk 0:28:25]} Rb8
{[%clk 0:01:53]} 21. Nxb7 {[%clk 0:28:31]} Rxb7 {[%clk 0:02:20]} 22. Bxe4
{[%clk 0:28:23]} Rc7 {[%clk 0:02:27]} 23. Bd5 {[%clk 0:25:43]} Ne5
{[%clk 0:01:07]} 24. Nd4 {[%clk 0:21:58]} Re7 {[%clk 0:01:18]} 25. Qc2
{[%clk 0:19:04]} h5 {[%clk 0:00:48]} 26. Re4 {[%clk 0:16:16]} Rdd7
{[%clk 0:00:33]} 27. Kg2 {[%clk 0:15:18]} Kh7 {[%clk 0:00:41]} 28. h3
{[%clk 0:14:27]} Rc7 {[%clk 0:00:45]} 29. b3 {[%clk 0:13:06]} Qd6
{[%clk 0:00:38]} 30. Nb5 {[%clk 0:13:08]} Qc5 {[%clk 0:00:40]} 31. Nxc7
{[%clk 0:13:28]} Rxc7 {[%clk 0:00:54]} 32. Qe2 {[%clk 0:12:38]} Nd7
{[%clk 0:00:47]} 33. Re7 {[%clk 0:10:22]} Nf6 {[%clk 0:00:53]} 34. Rxc7
{[%clk 0:10:38]} Qxc7 {[%clk 0:01:19]} 35. Bf3 {[%clk 0:10:52]} 1-0

[Event "Open International Liffré 2016"]
[Site "Liffré France"]
[Date "2016.10.28"]
[Round "9.1"]
[White "Thejkumar, M.S."]
[Black "Durand-Le-Ludec, Brendan-Budok"]
[Result "1-0"]
[BlackElo "2128"]
[WhiteElo "2445"]
[LiveChessVersion "1.4.8"]

1. d4 {[%clk 1:30:53]} Nf6 {[%clk 1:30:53]} 2. c4 {[%clk 1:30:54]} g6
{[%clk 1:31:15]} 3. Nc3 {[%clk 1:31:07]} Bg7 {[%clk 1:31:39]} 4. e4
{[%clk 1:31:30]} d6 {[%clk 1:32:03]} 5. Be2 {[%clk 1:31:50]} O-O {[%clk 1:32:22]}
6. Bg5 {[%clk 1:32:05]} c5 {[%clk 1:32:12]} 7. d5 {[%clk 1:32:29]} e5
{[%clk 1:31:08]} 8. Qd2 {[%clk 1:30:19]} Na6 {[%clk 1:26:15]} 9. Nf3
{[%clk 1:25:41]} Nc7 {[%clk 1:26:19]} 10. O-O {[%clk 1:25:23]} Rb8
{[%clk 1:23:52]} 11. Ne1 {[%clk 1:11:46]} Qe8 {[%clk 1:19:20]} 12. f4
{[%clk 0:57:28]} Nd7 {[%clk 1:08:36]} 13. f5 {[%clk 0:55:10]} f6 {[%clk 1:04:38]}
14. Be3 {[%clk 0:55:20]} g5 {[%clk 1:03:00]} 15. a4 {[%clk 0:52:34]} Kh8
{[%clk 0:58:13]} 16. Nd3 {[%clk 0:50:22]} a5 {[%clk 0:55:23]} 17. h4
{[%clk 0:48:07]} gxh4 {[%clk 0:54:23]} 18. Rf3 {[%clk 0:48:05]} Rg8
{[%clk 0:53:51]} 19. Rh3 {[%clk 0:48:07]} Bf8 {[%clk 0:51:04]} 20. Rxh4
{[%clk 0:46:42]} Be7 {[%clk 0:48:42]} 21. Bh5 {[%clk 0:45:14]} Qd8
{[%clk 0:48:55]} 22. Kf2 {[%clk 0:44:55]} Nf8 {[%clk 0:47:59]} 23. Rah1
{[%clk 0:44:54]} Ne8 {[%clk 0:43:24]} 24. Bh6 {[%clk 0:42:32]} Qd7
{[%clk 0:42:37]} 25. Bxe8 {[%clk 0:42:30]} Qxe8 {[%clk 0:42:57]} 26. Bxf8
{[%clk 0:42:53]} 1-0

[Event "Open International Liffré 2016"]
[Site "Liffré France"]
[Date "2016.10.28"]
[Round "9.2"]
[White "Pucher, Sebastien"]
[Black "Arnaudov, Petar"]
[Result "1/2-1/2"]
[BlackElo "2474"]
[WhiteElo "2366"]
[LiveChessVersion "1.4.8"]

1. e4 {[%clk 1:30:52]} g6 {[%clk 1:30:56]} 2. d4 {[%clk 1:30:50]} Bg7
{[%clk 1:31:22]} 3. Nc3 {[%clk 1:30:32]} c6 {[%clk 1:31:47]} 4. f4
{[%clk 1:29:46]} d5 {[%clk 1:32:12]} 5. e5 {[%clk 1:30:07]} Nh6 {[%clk 1:32:38]}
6. Nf3 {[%clk 1:29:37]} f6 {[%clk 1:30:21]} 7. h3 {[%clk 1:28:12]} Nf5
{[%clk 1:30:29]} 8. Bd3 {[%clk 1:27:38]} O-O {[%clk 1:23:15]} 9. g4
{[%clk 0:27:46]} Nxd4 {[%clk 1:23:12]} 10. Nxd4 {[%clk 0:28:10]} fxe5
{[%clk 1:23:37]} 11. fxe5 {[%clk 0:27:23]} Bxe5 {[%clk 1:23:34]} 12. Nf3
{[%clk 0:25:19]} Qb6 {[%clk 0:58:27]} 13. Qe2 {[%clk 0:22:05]} Bg7
{[%clk 0:57:54]} 14. Rf1 {[%clk 0:19:41]} e5 {[%clk 0:53:30]} 15. Ng5
{[%clk 0:16:38]} Nd7 {[%clk 0:50:04]} 16. Rxf8+ {[%clk 0:04:08]} Nxf8
{[%clk 0:50:08]} 17. Qf2 {[%clk 0:02:19]} Qxf2+ {[%clk 0:49:45]} 18. Kxf2
{[%clk 0:02:47]} h6 {[%clk 0:50:01]} 19. Nf3 {[%clk 0:02:55]} e4 {[%clk 0:50:27]}
20. Nxe4 {[%clk 0:03:07]} dxe4 {[%clk 0:48:59]} 1/2-1/2

[Event "Open International Liffré 2016"]
[Site "Liffré France"]
[Date "2016.10.28"]
[Round "9.3"]
[White "Jolly, Jean-François"]
[Black "Petkov, Vladimir"]
[Result "1-0"]
[BlackElo "2517"]
[WhiteElo "2385"]
[LiveChessVersion "1.4.8"]

1. e4 {[%clk 1:30:57]} e5 {[%clk 1:30:39]} 2. Nf3 {[%clk 1:31:24]} Nc6
{[%clk 1:30:45]} 3. Bc4 {[%clk 1:31:47]} Bc5 {[%clk 1:30:24]} 4. O-O
{[%clk 1:32:06]} Nf6 {[%clk 1:24:35]} 5. d3 {[%clk 1:32:24]} d6 {[%clk 1:24:33]}
6. c3 {[%clk 1:32:18]} Bb6 {[%clk 1:23:36]} 7. Nbd2 {[%clk 1:28:48]} O-O
{[%clk 1:23:01]} 8. h3 {[%clk 1:27:16]} Ne7 {[%clk 1:22:55]} 9. Re1
{[%clk 1:27:10]} Ng6 {[%clk 1:22:23]} 10. Nf1 {[%clk 1:27:12]} Be6
{[%clk 1:21:05]} 11. Bb3 {[%clk 1:17:01]} Bxb3 {[%clk 1:15:41]} 12. Qxb3
{[%clk 1:16:01]} Nh5 {[%clk 1:08:43]} 13. a4 {[%clk 1:14:16]} a5 {[%clk 1:05:09]}
14. Ne3 {[%clk 1:02:46]} Nhf4 {[%clk 0:57:02]} 15. d4 {[%clk 0:59:43]} Qf6
{[%clk 0:51:47]} 16. Nd5 {[%clk 0:55:09]} Nxd5 {[%clk 0:43:54]} 17. Qxd5
{[%clk 0:52:45]} h6 {[%clk 0:41:40]} 18. Be3 {[%clk 0:51:07]} exd4
{[%clk 0:31:54]} 19. cxd4 {[%clk 0:49:02]} Ne7 {[%clk 0:31:49]} 20. Qb3
{[%clk 0:44:28]} d5 {[%clk 0:32:03]} 21. e5 {[%clk 0:36:33]} Qe6 {[%clk 0:31:14]}
22. Rad1 {[%clk 0:35:33]} Nc6 {[%clk 0:29:13]} 23. Nh2 {[%clk 0:35:00]} Nb4
{[%clk 0:25:17]} 24. f4 {[%clk 0:33:31]} Rac8 {[%clk 0:24:25]} 25. Nf3
{[%clk 0:33:17]} Qf5 {[%clk 0:23:15]} 26. Rd2 {[%clk 0:31:18]} c5
{[%clk 0:21:48]} 27. dxc5 {[%clk 0:28:03]} Bxc5 {[%clk 0:21:24]} 28. Bxc5
{[%clk 0:28:28]} Rxc5 {[%clk 0:21:50]} 29. Qe3 {[%clk 0:28:53]} Rc4
{[%clk 0:15:45]} 30. Nd4 {[%clk 0:28:31]} Rxd4 {[%clk 0:15:23]} 31. Qxd4
{[%clk 0:28:54]} Nc2 {[%clk 0:15:45]} 32. Rxc2 {[%clk 0:29:00]} Qxc2
{[%clk 0:16:10]} 33. Qxd5 {[%clk 0:25:16]} Qxa4 {[%clk 0:14:19]} 34. f5
{[%clk 0:23:59]} Qb4 {[%clk 0:14:28]} 35. Re2 {[%clk 0:23:54]} Qb6+
{[%clk 0:11:53]} 36. Kh2 {[%clk 0:23:23]} Rd8 {[%clk 0:12:16]} 37. Qf3
{[%clk 0:22:53]} Rd1 {[%clk 0:05:51]} 38. e6 {[%clk 0:21:20]} Qd6+
{[%clk 0:05:59]} 39. g3 {[%clk 0:20:57]} fxe6 {[%clk 0:02:10]} 40. fxe6
{[%clk 0:51:22]} Qe7 {[%clk 0:32:22]} 41. Qf5 {[%clk 0:50:14]} b6
{[%clk 0:31:34]} 42. h4 {[%clk 0:47:13]} Qf8 {[%clk 0:14:48]} 43. Qe4
{[%clk 0:46:13]} Qe7 {[%clk 0:13:17]} 44. Qc6 {[%clk 0:44:08]} b5
{[%clk 0:07:57]} 45. Qxb5 {[%clk 0:42:23]} Qa7 {[%clk 0:08:18]} 46. Qe8+
{[%clk 0:38:29]} Kh7 {[%clk 0:08:35]} 47. Qc6 {[%clk 0:38:49]} Qg1+
{[%clk 0:06:55]} 48. Kh3 {[%clk 0:39:12]} Qf1+ {[%clk 0:05:03]} 49. Qg2
{[%clk 0:39:37]} Qf5+ {[%clk 0:05:30]} 50. Kh2 {[%clk 0:39:41]} Rd8
{[%clk 0:05:53]} 51. e7 {[%clk 0:34:35]} Re8 {[%clk 0:06:10]} 52. Qc6
{[%clk 0:34:45]} Qd3 {[%clk 0:04:26]} 53. Qe6 {[%clk 0:34:55]} Qf3
{[%clk 0:03:45]} 54. Kh3 {[%clk 0:32:58]} Qf1+ {[%clk 0:03:26]} 55. Kh2
{[%clk 0:31:04]} Qf3 {[%clk 0:03:51]} 56. Qe5 {[%clk 0:31:16]} Kg6
{[%clk 0:03:34]} 57. Qd6+ {[%clk 0:30:17]} Kh7 {[%clk 0:03:35]} 58. Qd2
{[%clk 0:30:34]} Qf5 {[%clk 0:03:05]} 59. Qc3 {[%clk 0:28:31]} Qb5
{[%clk 0:02:47]} 60. Qc2+ {[%clk 0:28:49]} Kh8 {[%clk 0:02:17]} 61. Qe4
{[%clk 0:28:32]} Qc5 {[%clk 0:02:33]} 62. Kh3 {[%clk 0:28:10]} Qc8+
{[%clk 0:02:40]} 63. Kg2 {[%clk 0:26:14]} Qc5 {[%clk 0:02:59]} 64. Qe5
{[%clk 0:25:13]} Qc6+ {[%clk 0:03:10]} 65. Kh2 {[%clk 0:25:30]} Qf3
{[%clk 0:02:22]} 66. Rd2 {[%clk 0:24:01]} Kh7 {[%clk 0:02:14]} 67. Rd8
{[%clk 0:21:05]} h5 {[%clk 0:00:49]} 68. Kg1 {[%clk 0:20:12]} Qf7
{[%clk 0:00:40]} 69. Rxe8 {[%clk 0:20:24]} Qxe8 {[%clk 0:01:08]} 70. Qf5+
{[%clk 0:20:00]} Kg8 {[%clk 0:01:26]} 71. Qd5+ {[%clk 0:20:23]} Kh7
{[%clk 0:01:39]} 72. Qd8 {[%clk 0:20:29]} Qg6 {[%clk 0:01:04]} 73. e8=Q
{[%clk 0:20:32]} Qxg3+ {[%clk 0:00:40]} 74. Kf1 {[%clk 0:20:55]} Qf3+
{[%clk 0:00:46]} 75. Ke1 {[%clk 0:21:20]} Qg3+ {[%clk 0:00:34]} 76. Kd2
{[%clk 0:21:41]} 1-0